|
|
|
|
| LEADER |
00753nam a2200229Ia 4500 |
| 001 |
CTU_125543 |
| 008 |
210402s9999 xx 000 0 und d |
| 020 |
|
|
|c 28
|
| 082 |
|
|
|a 973.27
|
| 082 |
|
|
|b P249
|
| 100 |
|
|
|a Parkman, Francis
|
| 245 |
|
4 |
|a The Oregon Trail; The Conspiracy of Pontiac
|
| 245 |
|
0 |
|c Francis Parkman ; Edited by David Levin
|
| 260 |
|
|
|a New York, NY
|
| 260 |
|
|
|b The Library of America
|
| 260 |
|
|
|c 1991
|
| 650 |
|
|
|a West ( US ),Indians of North America,Frontier and pioneer life,Oregon Trail,California Trail,Pontiac's Conspiracy, 1763 - 1765
|
| 650 |
|
|
|x Description and trevel
|
| 650 |
|
|
|y To 1848
|
| 650 |
|
|
|z West ( US ),West ( US )
|
| 904 |
|
|
|i Minh
|
| 980 |
|
|
|a Trung tâm Học liệu Trường Đại học Cần Thơ
|